Sports Quiz

Random Sports Quiz
Score 0/25 Timer 10:00
0 Plays Today
Stadion Club % Correct
Cars Jeans StadionADO Den Haag
84%
Goodison ParkEverton
73.8%
Signal Iduna ParkBorussia Dortmund
69.2%
Parc des PrincesParis Saint-Germain
63%
MestallaValencia
61%
MAC3PARK StadionPEC Zwolle
57.4%
De Oude MeerdijkFC Emmen
51.9%
Guiseppe Meazza Inter
51.9%
Estadio do DragaoFC Porto
46.4%
Estadio da Luz Benfica
46.3%
Stadio OlimpicoAS Roma
45.3%
Jan Breydelstadion Club Brugge
44.4%
Stade VelodromaOlympique Marseille
43.8%
Stadion Club % Correct
Lotto ParkAnderlecht
37.6%
Jan Louwers StadionFC Eindhoven
37%
Ramon Sanchez Pizjuan Sevilla
35.9%
San PaoloNapoli
28.6%
Turf MoorBurnley
28.1%
San MamesAthletic Bilbao
26.3%
Allianz Riviera OGC Nice
18.4%
Estadio Jose Alvalade Sporting Portugal
15.7%
Molineux Stadium Wolverhampton Wanderers
14.8%
RegenboogstadionZulte Waregem
14.7%
Stadion An der Alten Forsterei Union Berlin
13%
Merkur Spiel-ArenaFortuna Dusseldorf
9.6%
Remove Ads.
Support Sporcle.
Get the best of Sporcle when you Go Orange. This ad-free experience offers more features, more stats, and more fun while also helping to support Sporcle. Thank you for becoming a member.

You're not logged in!

Compare scores with friends on all Sporcle quizzes.
OR
Log In

Sporcle TV

Today on Sporcle TV


Watch our educational content, quiz creation guides, and fun videos on Sporcle TV.

Show Comments

Extras

Created May 11, 2020ReportNominate
Tags:club, hand, Van

Top Quizzes Today


Score Distribution

Paid Content

Your Account Isn't Verified!

In order to create a playlist on Sporcle, you need to verify the email address you used during registration. Go to your Sporcle Settings to finish the process.

Report this User

Report this user for behavior that violates our Community Guidelines.

Details: